Quick Pick: 'Work' & 'Play' Songs Quiz Stats

 Plays Quiz Updated Jun 27, 2017

Support Sporcle.
Go Orange.
Score 0/15 Timer 01:30
0 Plays Today
% Correct
Funky
93.3%
Out
93%
Play
92.8%
Home
92.2%
Money
91.5%
Children
86.5%
People
83.4%
Dirty
82.2%
% Correct
It
79.4%
Fire
76.6%
Song
74.7%
Music
72.3%
Fool
69.7%
Game
66.9%
Me
57.6%

Today's Daily Dose

You're not logged in!

Compare scores with friends on all Sporcle quizzes.
OR
Log In
Forgot?

From the Vault

Add an 'R'

by HenryFieldstone

Be the first to shake your fist at this hard quiz you just had.
Remove Ads.
Support Sporcle.
Get the best of Sporcle when you Go Orange. This ad-free experience offers more features, more stats, and more fun while also helping to support Sporcle. Thank you for becoming a member.

Show Comments

Extras

Top Quizzes Today


Score Distribution

Your Account Isn't Verified!

In order to create a playlist on Sporcle, you need to verify the email address you used during registration. Go to your Sporcle Settings to finish the process.

Report this User

Report this user for behavior that violates our Community Guidelines.

Details: